Loading...
Auditory Arts | 0 | 2 | 0 | 0 | 20 | 104 | 117.50 | 0 | 2 |
History - Ancient History | 0 | 2 | 0 | 1 | 20 | 126 | 132.00 | 0 | 1 |
Visual Arts | 0 | 2 | 0 | 1 | 20 | 118 | 123.00 | 0 | 2 |
Literature - British Literature | 0 | 1 | 0 | 1 | 10 | 139 | 139.00 | 0 | 1 |
Literature - American Literature | 0 | 1 | 0 | 0 | 10 | 60 | 60.00 | 0 | 1 |
Science - Physics | 0 | 1 | 1 | 1 | 5 | 140 | 140.00 | 0 | 1 |
Literature - European Literature | 0 | 1 | 1 | 0 | 5 | 128 | 128.00 | 0 | 0 |
Philosophy | 0 | 0 | 0 | 0 | 0 | 0.00 | 0 | 0 | |
Science - Chemistry | 0 | 0 | 0 | 0 | 0 | 0.00 | 0 | 0 | |
Science - Other Science | 0 | 0 | 0 | 0 | 0 | 0.00 | 0 | 0 | |
Fine Arts - Other Arts | 0 | 0 | 0 | 0 | 0 | 0.00 | 0 | 0 | |
Literature - World Literature | 0 | 1 | 3 | 0 | -5 | 104 | 104.00 | 1 | 1 |